000 00780nam a2200229 a 4500
999 _c12067
_d12067
001 12067
003 BD-JhCC
005 20210920134020.0
008 171102s20042020bg |||| ||a| 000 0 ben d
020 _a9843232178
035 _a(BD-JhCC)12067
040 _aBD-JhCC
_dBD-JhCC
041 _abengali
082 _a491.4403
_bSHE 2020
100 _aশেখার,ড.সৌমিত্র
245 _aবাংলা ভাষা সাহিত্য জিজ্ঞাসা /
_cড.সৌমিত্র শেখার ।
260 _aঢাকা :
_bঅগ্নি পাবলিকেশন্স ;
_c২০২০.
300 _a৬৭২ পৃ. :
_c২৪ সেমি
650 _a Bengali language and literature
942 _2ddc
_cBK
_02